000 00644nam a2200217 4500
001 136447
003 ES-MaACL
005 20230906195132.0
007 t|
008 070214s1985 sp r ||||1| spa d
020 _a84-85501-81-0
100 1 _aSadie, Stanley.
_9101282
245 1 0 _aMozart /
_cStanley Sadie ; traducción del inglés por Pablo Sorozábal Serrano.
260 _aBarcelona :
_bMuchnik,
_c1985.
300 _a238 p. :
_bil. ;
_c20 cm.
490 1 _aCol. new grove
700 1 _aSorozábal Serrano, Pablo.
_9107423
830 0 _aCol. new grove
_9220005
852 _aES-MaACL
_jL-8866
_bR.108897
999 _c136447
_d136447